Science Quiz

Random Science or Physics Quiz
Score 0/18 Timer 05:00
0 Plays Today
% Correct
China
90.1%
France
88.3%
Italy
87.5%
United Kingdom
83.5%
Russia
83.3%
India
82.7%
Greece
80.9%
Germany
72.6%
United States
64%
% Correct
Mexico
60.6%
Poland
55.7%
Denmark
52.4%
Sweden
45.2%
Canada
36.2%
Libya
35.3%
Switzerland
33.5%
New Zealand
30.9%
Austria
27.3%
Remove Ads.
Support Sporcle.
Get the best of Sporcle when you Go Orange. This ad-free experience offers more features, more stats, and more fun while also helping to support Sporcle. Thank you for becoming a member.

You're not logged in!

Compare scores with friends on all Sporcle quizzes.
OR
Log In

Show Comments

Extras

Top Quizzes Today


Score Distribution

Your Account Isn't Verified!

In order to create a playlist on Sporcle, you need to verify the email address you used during registration. Go to your Sporcle Settings to finish the process.

Report this User

Report this user for behavior that violates our Community Guidelines.

Details: